<?xml version="1.0" encoding="UTF-8"?>
<record
    xmlns:xsi="http://www.w3.org/2001/XMLSchema-instance"
    xsi:schemaLocation="http://www.loc.gov/MARC21/slim http://www.loc.gov/standards/marcxml/schema/MARC21slim.xsd"
    xmlns="http://www.loc.gov/MARC21/slim">

  <leader>02630cam a2200349 a 4500</leader>
  <controlfield tag="001">214580</controlfield>
  <controlfield tag="003">GBCCL</controlfield>
  <controlfield tag="005">20241126110345.0</controlfield>
  <controlfield tag="008">060331s2007    enkabc        000 0 eng  </controlfield>
  <datafield tag="016" ind1="7" ind2=" ">
    <subfield code="a">013573458</subfield>
    <subfield code="2">Uk</subfield>
  </datafield>
  <datafield tag="020" ind1=" " ind2=" ">
    <subfield code="a">9781854247629 (pbk.)</subfield>
  </datafield>
  <datafield tag="020" ind1=" " ind2=" ">
    <subfield code="a">185424762X (pbk.)</subfield>
  </datafield>
  <datafield tag="020" ind1=" " ind2=" ">
    <subfield code="a">9780825461279 (U.S.)</subfield>
  </datafield>
  <datafield tag="020" ind1=" " ind2=" ">
    <subfield code="a">0825461278 (U.S.)</subfield>
  </datafield>
  <datafield tag="035" ind1=" " ind2=" ">
    <subfield code="a">(OCoLC)ocm72868885</subfield>
  </datafield>
  <datafield tag="035" ind1=" " ind2=" ">
    <subfield code="a">(OCoLC)72868885</subfield>
  </datafield>
  <datafield tag="040" ind1=" " ind2=" ">
    <subfield code="a">UKM</subfield>
    <subfield code="c">UKM</subfield>
    <subfield code="d">YDXCP</subfield>
    <subfield code="d">CUS</subfield>
    <subfield code="d">BTCTA</subfield>
    <subfield code="d">BAKER</subfield>
    <subfield code="d">OCLCG</subfield>
    <subfield code="d">XBE</subfield>
    <subfield code="d">DTM</subfield>
    <subfield code="d">LBB</subfield>
  </datafield>
  <datafield tag="042" ind1=" " ind2=" ">
    <subfield code="a">ukblcatcopy</subfield>
  </datafield>
  <datafield tag="043" ind1=" " ind2=" ">
    <subfield code="a">a-cc---</subfield>
  </datafield>
  <datafield tag="049" ind1=" " ind2=" ">
    <subfield code="a">LBBK</subfield>
  </datafield>
  <datafield tag="050" ind1=" " ind2="4">
    <subfield code="a">BR1608.C6</subfield>
    <subfield code="b">H38 2007</subfield>
  </datafield>
  <datafield tag="082" ind1="0" ind2="4">
    <subfield code="a">272.0951</subfield>
    <subfield code="2">22</subfield>
    <subfield code="b">HAT</subfield>
  </datafield>
  <datafield tag="090" ind1=" " ind2=" ">
    <subfield code="a">BR1608.C6</subfield>
    <subfield code="b">H38 2007</subfield>
  </datafield>
  <datafield tag="100" ind1="1" ind2=" ">
    <subfield code="a">Hattaway, Paul,</subfield>
    <subfield code="d">1968-</subfield>
    <subfield code="9">978</subfield>
  </datafield>
  <datafield tag="245" ind1="1" ind2="0">
    <subfield code="a">China's Christian martyrs /</subfield>
    <subfield code="c">Paul Hattaway.</subfield>
  </datafield>
  <datafield tag="260" ind1=" " ind2=" ">
    <subfield code="a">Oxford :</subfield>
    <subfield code="b">Monarch Books,</subfield>
    <subfield code="c">2007.</subfield>
  </datafield>
  <datafield tag="300" ind1=" " ind2=" ">
    <subfield code="a">492 p. :</subfield>
    <subfield code="b">ill., map, ports. ;</subfield>
    <subfield code="c">22 cm.</subfield>
  </datafield>
  <datafield tag="505" ind1="0" ind2=" ">
    <subfield code="a">pt. 1. The first thousand years. 845 to 1599 : earliest beginnings -- 1600s : a century of Catholic carnage -- 1700s : the bitter sweet century -- The great religious incident -- Slaughter in South China -- China's first Protestant martyrs -- Trouble in Guangxi and Guizhou -- The Tianjin Massacre -- Murderous monks in Tibet -- The Gutian Massacre -- Storm clouds on the horizon -- pt. 2. The Boxer Rebellion of 1900. Prelude to the summer of slaughter -- Beijing -- The Tongzhou Massacre -- Hebei province -- The Zhujiahe massacre of 3,000 Catholics -- Little Anna Wang and her family -- The Yanshan slaughter -- The Baoding massacre -- The terrible escape -- Manchuria -- Bling Chang -- Zhejiang -- Inner Mongolia -- Shanxi -- The Taiyuan massacre -- Shouyang -- Trouble at the Great Wall -- Taigu -- Peter Ogren : the man who wouldn't die -- Letters of faith and courage -- pt. 3. Bandits and Communists. 1901 to 1948 : martyrs of the bandit years -- Bloodbath in Xi'an -- Alphonso Argento : the last Boxer martyr -- Trouble among the tribes -- Caught in the crossfire -- 1925 to 1953 : the early years of Communism -- The father and son martyrs -- Sadhu Sundar Singh -- In the land of Mohammed -- John and Betty Stam -- Eric Liddel : Olympic champion and martyr -- Massacres in North China -- Thirty-three Trappist monks -- Bill Wallace -- Martyrs among the A-Hmao -- 1954 to 1982 : behind the iron curtain -- Zhu Yiming -- Molly O'Sullivan -- Watchman Nee -- Old tactics in New China -- Lilies among thorns -- House church martyrs of the 1990s -- Martyrs of the new millennium -- Into the future.</subfield>
  </datafield>
  <datafield tag="520" ind1=" " ind2=" ">
    <subfield code="a">Christian Library of Lancaster Collection.</subfield>
  </datafield>
  <datafield tag="650" ind1=" " ind2="0">
    <subfield code="a">Christian martyrs</subfield>
    <subfield code="z">China</subfield>
    <subfield code="v">Biography.</subfield>
    <subfield code="9">979</subfield>
  </datafield>
  <datafield tag="942" ind1=" " ind2=" ">
    <subfield code="2">ddc</subfield>
    <subfield code="c">BK</subfield>
    <subfield code="0">6</subfield>
  </datafield>
  <datafield tag="999" ind1=" " ind2=" ">
    <subfield code="c">743</subfield>
    <subfield code="d">743</subfield>
  </datafield>
  <datafield tag="952" ind1=" " ind2=" ">
    <subfield code="0">0</subfield>
    <subfield code="1">0</subfield>
    <subfield code="2">ddc</subfield>
    <subfield code="4">0</subfield>
    <subfield code="7">0</subfield>
    <subfield code="a">GBC</subfield>
    <subfield code="b">GBC</subfield>
    <subfield code="c">CH</subfield>
    <subfield code="d">2017-03-14</subfield>
    <subfield code="l">8</subfield>
    <subfield code="o">272.0951 HAT</subfield>
    <subfield code="p">002273</subfield>
    <subfield code="r">2025-05-01 00:00:00</subfield>
    <subfield code="s">2024-11-07</subfield>
    <subfield code="t">c.1</subfield>
    <subfield code="w">2017-03-14</subfield>
    <subfield code="y">BK</subfield>
  </datafield>
</record>
